Oceňovanie hmotného majetku v podmienkach SR - dôvody ohodnocovania majetku

Popis legislatívnej úpravy ohodnocovania dlhodobého hmotného majetku na Slovensku, spôsoby výpočtu rôznych hodnôt jednotlivých druhov majetku, ako aj poukázanie na praktické využitie ohodnocovania a dôvody ohodnocovania majetku v rôznych oblastiach činnosti firmy z pohľadu podnikateľa.

Gespeichert in:
Bibliographische Detailangaben
1. Verfasser: Pavlíková, Ľudmila
Weitere Verfasser: Jakubíková, Emília
Format: Buchkapitel
Sprache:Slowakisch
Schlagworte:
Tags: Tag hinzufügen
Keine Tags, Fügen Sie das erste Tag hinzu!

MARC

LEADER 00000naa a2200000 4500
001 0181843
005 20231211131556.6
041 0 |a slo 
044 |a SK 
245 1 0 |a Oceňovanie hmotného majetku v podmienkach SR - dôvody ohodnocovania majetku  |c Ľudmila Pavlíková, Emília Jakubíková 
520 |a Popis legislatívnej úpravy ohodnocovania dlhodobého hmotného majetku na Slovensku, spôsoby výpočtu rôznych hodnôt jednotlivých druhov majetku, ako aj poukázanie na praktické využitie ohodnocovania a dôvody ohodnocovania majetku v rôznych oblastiach činnosti firmy z pohľadu podnikateľa. 
610 2 0 |a Slovensko 
610 2 0 |a legislatíva 
610 2 0 |a majetok hmotný 
610 2 0 |a oceňovanie 
100 1 |a Pavlíková, Ľudmila 
700 1 |a Jakubíková, Emília